000 00515nam a22001937a 4500
005 20260421145212.0
008 260421b |||||||| |||| 00| 0 eng d
020 _a978-1-4292-3414-6
082 _bNEL-P
_a572
100 _aNelson,David.L
245 _aLehninger Principles of Biochemistry
250 _a6th.ed
260 _aUSA :
_bW.H.Freeman and Company;
_c2013.
300 _a1198 p :xxviii ;
500 _aInclude Index.
650 _aMedical / Biochemistry
700 _aCox,Michael.M
999 _c37125
_d37125